| 000 | 00398nam a2200145Ia 4500 | ||
|---|---|---|---|
| 008 | 230411s9999 xx 000 0 und d | ||
| 020 | _a978-0-323-09114-5 | ||
| 041 | _aeng | ||
| 082 | _aPS/610.7365/STU/B09025 | ||
| 100 |
_aStuart Gail _9178900 |
||
| 245 | _aPrinciples And Practice Of Psychiatric Nursing | ||
| 260 |
_bElsevier _aNew Delhi _c2013 |
||
| 300 | _a816p | ||
| 999 |
_c158376 _d158376 |
||